000 00772nam a2200205Ia 4500
008 0000001989 stka 0000000000eng00
090 _aPSTK00 C17f
100 1 _aCarlisle, Fionna
245 1 0 _aFionna Carlisle
_b: retrospective exhibition
_c/ photographs by Alasdair Foster
300 _a[16] p.
_c/ 26 cm.
500 _aExposición realizada en la galería 369, Edimburgo, 1989 \ Con el patronazgo del maestro venezolano Jesús Rafael Soto (q.e.p.d.)
600 0 0 _a CARLISLE, FIONNA, 1954/
_xTRABAJOS PICTORICOS
650 1 4 _a PINTURA ESCOSESA
650 1 4 _aARTE CONTEMPORANEO ESCOCES
650 1 4 _xCATALOGOS
650 1 4 _xEXPOSICIONES
650 1 4 _aPINTORES ESCOCESES
700 1 _aFoster, Alasdair
999 _c1450
_d1450
260 _aEscocia : 369 Gallery
_c1989